000 00769nam a22001817a 4500
005 20250404125203.0
010 _aHIN-129625
020 _c180.00
035 _aHN-101971
037 _bDBAD
082 _a302.64
100 _aशर्मा, हितेश कुमार
_980314
245 _aनक्सलवाद /
_cहितेश कुमार शर्मा
_hहिन्दी
260 _aबिजनौर
_bहरिगंगा प्रकाशन
_c2024
270 _aगणपति भवन, सिविल लाइन्स , बिजनौर
_bउत्तरप्रदेश
_e246701
300 _a92पृ.
_c22सेमी (अजिल्द )
942 _2ddc
_cHN
_h302.64
_mहितेश
_eप्रथम
999 _c210812
_d210812